| 000 | 00691nam a22002417a 4500 | ||
|---|---|---|---|
| 005 | 20210812143144.0 | ||
| 008 | 210812b xxu||||| |||| 00| 0 spa d | ||
| 020 | _a9789587628661 | ||
| 041 | _aspa | ||
| 082 | _a005.54 P438a | ||
| 100 |
_aPérez León, Eva María _960967 |
||
| 245 | _aAplicaciones informáticas de hojas de cálculo: Ofimática | ||
| 260 | _aColombia | ||
| 260 | _bEdiciones de la U | ||
| 260 | _c2018 | ||
| 300 | _a356 páginas | ||
| 650 |
_aOFIMÁTICA _92878 |
||
| 650 |
_aAPLICACIONES INFOMÁTICAS _960968 |
||
| 650 |
_aADMINISTRACIÓN DE BASES DE DATOS _910618 |
||
| 650 |
_aREDES DE COMPUTADORES _96512 |
||
| 650 |
_aHOJAS DE CÁLCULO _92880 |
||
| 942 | _cBK | ||
| 999 |
_c13113 _d13113 |
||